000 00492nam a22001817a 4500
005 20220420091725.0
008 220420b ||||| |||| 00| 0 eng d
040 _cAL
041 _aEnglish
082 _223
_a341
_bSOOR
100 _aA H A Soons
_930455
245 _aReport of the Seventieth Conference
260 _aLondon
_bInternational Law Association
_c2002
300 _a868 p.
_bPB
_c20x14 cm.
650 _aConference
_930456
700 _aSOONS (A H A)
_930457
942 _2ddc
_cGF
999 _c222490
_d222490